In-Class Edition Management of human resources (Record no. 12841)

MARC details
000 -LEADER
fixed length control field 00652nam a22002297a 4500
003 - CONTROL NUMBER IDENTIFIER
control field mut
005 - DATE AND TIME OF LATEST TRANSACTION
control field 20240606081236.0
008 - FIXED-LENGTH DATA ELEMENTS--GENERAL INFORMATION
fixed length control field 171005b xxu||||| |||| 00| 0 eng d
020 ## - INTERNATIONAL STANDARD BOOK NUMBER
International Standard Book Number 0131976060
040 ## - CATALOGING SOURCE
Transcribing agency mut
050 ## - LIBRARY OF CONGRESS CALL NUMBER
Classification number HF5549
Item number .M36 2007
100 ## - MAIN ENTRY--PERSONAL NAME
Personal name Dessler, Gary
245 ## - TITLE STATEMENT
Title In-Class Edition Management of human resources
250 ## - EDITION STATEMENT
Edition statement 2nd Canadian ed.
260 ## - PUBLICATION, DISTRIBUTION, ETC.
Place of publication, distribution, etc. Toronto
Name of publisher, distributor, etc. Pearson/ Prentice Hall
Date of publication, distribution, etc. c2007
650 ## - SUBJECT ADDED ENTRY--TOPICAL TERM
Topical term or geographic name entry element Personnel management
Form subdivision Textbooks
650 ## - SUBJECT ADDED ENTRY--TOPICAL TERM
Topical term or geographic name entry element Personnel management
Form subdivision Textbooks
Geographic subdivision Canada
700 ## - ADDED ENTRY--PERSONAL NAME
Personal name Cole, Nina D.
700 ## - ADDED ENTRY--PERSONAL NAME
Personal name Goodman, Patricia M.
700 ## - ADDED ENTRY--PERSONAL NAME
Personal name Southerland, Virginia L.
942 ## - ADDED ENTRY ELEMENTS (KOHA)
Source of classification or shelving scheme Library of Congress Classification
Koha item type Books
Holdings
Withdrawn status Lost status Source of classification or shelving scheme Damaged status Not for loan Home library Current library Shelving location Date acquired Source of acquisition Total checkouts Full call number Barcode Date last seen Date last checked out Price effective from Koha item type
    Library of Congress Classification     Murang'a University of Technology Library Murang'a University of Technology Library General stacks 05/10/2017 Donation-TFC 4 HF5549 .M36 2007 014948 25/03/2025 12/03/2025 05/10/2017 Books
    Library of Congress Classification     Murang'a University of Technology Library Murang'a University of Technology Library General stacks 10/10/2017 Donation-TFC 5 HF 5549 .M36 2007 015499 30/08/2024 28/02/2022 10/10/2017 Books
    Library of Congress Classification     Murang'a University of Technology Library Murang'a University of Technology Library General stacks 22/02/2018 Donation-TFC 1 HF 5549 .M36 2007 019088 20/06/2025 04/06/2025 22/02/2018 Books
    Library of Congress Classification     Murang'a University of Technology Library Murang'a University of Technology Library General stacks 05/07/2018 Donation from-TFC 1 HF 5549 .M36 2007 022894 14/04/2025 02/04/2025 05/07/2018 Books
    Library of Congress Classification     Murang'a University of Technology Library Murang'a University of Technology Library General stacks 31/01/2019 Donation -TFC   HF 5549 .M36 2007 023672 30/08/2024   31/01/2019 Books